The politics of denial (Record no. 219797)
[ view plain ]
| 000 -LEADER | |
|---|---|
| fixed length control field | 02157nam a2200421 a 4500 |
| 082 04 - DEWEY DECIMAL CLASSIFICATION NUMBER | |
| Classification number | 325/.21/0899274 |
| 100 1# - MAIN ENTRY--AUTHOR NAME | |
| Personal name | Masalha, Nur, |
| 245 14 - TITLE STATEMENT | |
| Title | The politics of denial |
| 250 ## - EDITION STATEMENT | |
| Edition statement | 1st ed. |
| 260 ## - PUBLICATION, DISTRIBUTION, ETC. (IMPRINT) | |
| Place of publication | London ; |
| -- | Sterling, Va. : |
| Name of publisher | Pluto Press, |
| Year of publication | 2003. |
| 300 ## - PHYSICAL DESCRIPTION | |
| Number of Pages | vi, 298 p. |
| 505 0# - FORMATTED CONTENTS NOTE | |
| Formatted contents note | The Palestinian nakba : zionism, 'transfer' and the 1948 exodus -- Israel's 'new historians' and the nakba : a critique of zionist discourse -- 'If you can't solve it, dissolve it' : Israeli resettlement schemes since 1948 -- Israeli approaches to restitution of property and compensation (1948-1956) -- The 'present absentees' and their legal struggle : evolving Israeli policies towards the internally displaced (1948-2003) -- The 1967 refugee exodus -- Israeli refugee policies during negotiations : from Madrid to Taba (October 1991-January 2001). |
| 650 #0 - SUBJECT ADDED ENTRY--TOPICAL TERM | |
| Topical Term | Refugees, Arab |
| Topical Term | Palestinian Arabs |
| Topical Term | Israel-Arab War, 1948-1949 |
| Topical Term | Arab-Israeli conflict. |
| 856 40 - ELECTRONIC LOCATION AND ACCESS | |
| Uniform Resource Identifier | http://site.ebrary.com/lib/rucke/Doc?id=10479822 |
No items available.
